|
|
|
|
| LEADER |
01533nam a22002777a 4500 |
| 001 |
33737 |
| 003 |
BD-DhAAL |
| 005 |
20180916162614.0 |
| 008 |
180916t2017 bg a|||| s|||f00| 0 eng d |
| 999 |
|
|
|c 40023
|d 40023
|
| 020 |
|
|
|a 9789845190893
|
| 082 |
|
|
|2 22
|a 332.45095492
|
| 245 |
|
|
|a Foreign Trade Statistics of Bangladesh 2015-2016 /
|c National Accounting Wing, Bangladesh Bureau of Statistics, Statistics and Informatics Division, Ministry of Planning,Government of the People's Republic of Bangladesh
|h (Volume-II: Imports)
|
| 260 |
|
|
|a Dhaka :
|b National Accounting Wing, Bangladesh Bureau of Statistics, Statistics and Informatics Division, Ministry of Planning,Government of the People's Republic of Bangladesh
|c 2017
|
| 300 |
|
|
|a xiii, 1175 pages :
|b illustrations ;
|c 27 cm.
|
| 362 |
|
|
|a Volume-II: Imports
|
| 500 |
|
|
|a Chiefly statistical tables.
|
| 526 |
|
|
|a AAL
|
| 541 |
|
|
|a Development Book Agency
|e 33737
|
| 650 |
|
|
|a Foreign exchange rates
|z Bangladesh.
|9 28221
|
| 650 |
|
|
|a Capital movements
|z Bangladesh.
|9 28222
|
| 650 |
|
|
|a International trade.
|9 28223
|
| 710 |
|
|
|a National Accounting Wing,
|b Bangladesh Bureau of Statistics,
|b Statistics and Informatics Division,
|b Ministry of Planning,Government of the People's Republic of Bangladesh
|9 28224
|
| 852 |
|
|
|a Ayesha Abed Library
|c General Stacks
|
| 942 |
|
|
|2 ddc
|c BK
|
| 952 |
|
|
|0 0
|1 0
|2 ddc
|4 0
|6 332_450954920000000_FOR
|7 0
|9 64306
|a BRACUL
|b BRACUL
|c GEN
|d 2018-08-28
|e Development Book Agency
|g 325.00
|l 0
|o 332.45095492 FOR
|p 3010033737
|r 2018-08-28
|t 1
|v 325.00
|w 2018-08-28
|y BK
|